000
00305 a2200121 4500
000
nam a22 7a 4500
005
20260206103252.0
020
_a
9789348409898
100
_a
Ajmer Singh Kajal
_9
1114066
245
_a
Dalit Sahitya Aur Manavadhikar
260
_b
Ananya Prakashan
_c
2025
942
_c
TEXL
999
_c
1678755
_d
1678755